| 000 | 01139nam a22002177a 4500 | ||
|---|---|---|---|
| 999 |
_c59937 _d59937 |
||
| 003 | Ge_BSU | ||
| 005 | 20230519120158.0 | ||
| 008 | 230519s2015 ge ||||| |||| 00| 0 geo d | ||
| 041 | _ageo | ||
| 080 | _a336.761 ფ-53 | ||
| 100 |
_aფილიპაშვილი, გურამ _918137 |
||
| 245 |
_aბანკნოტები და ფასიანი ქაღალდები საქართველოში / _cგურამ ფილიპაშვილი; რედ. გოჩა გერაძე; |
||
| 264 |
_aქუთაისი, _c2015. |
||
| 300 |
_a229 გვ. ; _b30 სმ. |
||
| 500 | _aეძღვნება საქართველოს ლარის გამოშვების 20 წლისთავს | ||
| 501 | _aპარალ სათ. ინგლ. და რუს. ენ. | ||
| 653 | _aბანკნოტები საქართველოში | ||
| 653 | _aფასიანი ქაღალდები საქართველოში | ||
| 700 |
_aგერაძე, გოჩა _eრედაქტორი _918138 |
||
| 942 |
_2udc _cBK |
||